Die statistische Adäquation = The statistical adequation

Saved in:
Bibliographic Details
Main Author: Menges, Günter (Author)
Format: Article (Journal)
Language:German
Published: 1982
In: Jahrbücher für Nationalökonomie und Statistik
Year: 1982, Volume: 197, Issue: 4, Pages: 289-307
ISSN:0021-4027
Online Access: Get full text
Author Notes:Günter Menges

MARC

LEADER 00000caa a22000002c 4500
001 474780902
003 DE-627
005 20241202204519.0
007 tu
008 041215s1982 xx ||||| 00| ||ger c
035 |a (DE-627)474780902 
035 |a (DE-576)9474780900 
035 |a (DE-599)GBV474780902 
035 |a (OCoLC)1474568616 
040 |a DE-627  |b ger  |c DE-627  |e rakwb 
041 |a ger 
084 |a 17  |2 sdnb 
100 1 |a Menges, Günter  |d 1929-1983  |0 (DE-588)122797434  |0 (DE-627)082161291  |0 (DE-576)214445682  |4 aut 
245 1 4 |a Die statistische Adäquation  |b  = The statistical adequation  |c Günter Menges 
246 3 1 |a The statistical adequation 
264 1 |c 1982 
300 |a 19 
336 |a Text  |b txt  |2 rdacontent 
337 |a ohne Hilfsmittel zu benutzen  |b n  |2 rdamedia 
338 |a Band  |b nc  |2 rdacarrier 
500 |a Text dt., mit engl. Zsfassung 
773 0 8 |i In  |t Jahrbücher für Nationalökonomie und Statistik  |d Berlin : De Gruyter Oldenbourg, 1863  |g 197(1982), 4, Seite 289-307  |w (DE-627)129534137  |w (DE-600)215643-X  |w (DE-576)014961946  |x 0021-4027  |7 nnas  |a Die statistische Adäquation = The statistical adequation 
773 1 8 |g volume:197  |g year:1982  |g number:4  |g pages:289-307  |g extent:19  |a Die statistische Adäquation = The statistical adequation 
935 |i ZBWRetro 
951 |a AR 
992 |a 20240819 
993 |a Article 
994 |a 1982 
998 |g 122797434  |a Menges, Günter  |m 122797434:Menges, Günter  |d 180000  |d 181000  |e 180000PM122797434  |e 181000PM122797434  |k 0/180000/  |k 1/180000/181000/  |p 1  |x j  |y j 
999 |a KXP-PPN474780902  |e 4568136830 
BIB |a Y 
SER |a journal 
JSO |a {"physDesc":[{"extent":"19 S."}],"id":{"eki":["474780902"]},"person":[{"given":"Günter","role":"aut","display":"Menges, Günter","family":"Menges"}],"titleTranslated":[{"translated":"The statistical adequation"}],"recId":"474780902","title":[{"title":"Die statistische Adäquation","subtitle":" = The statistical adequation","title_sort":"statistische Adäquation"}],"note":["Text dt., mit engl. Zsfassung"],"type":{"bibl":"article-journal"},"origin":[{"dateIssuedKey":"1982","dateIssuedDisp":"1982"}],"name":{"displayForm":["Günter Menges"]},"relHost":[{"recId":"129534137","type":{"bibl":"periodical"},"note":["Zusatz ab 218.1999","Repr.: Bad Feilnbach : Schmidt Periodicals; Jena : Mauke; Jena : Fischer, 1931"],"title":[{"subtitle":" = Journal of economics and statistics","title_sort":"Jahrbücher für Nationalökonomie und Statistik","title":"Jahrbücher für Nationalökonomie und Statistik"}],"physDesc":[{"noteFormat":"23 cm"}],"id":{"issn":["0021-4027"],"zdb":["215643-X"],"eki":["129534137"]},"pubHistory":["1.1863 - 34.1879; N.F. 1=35.1880 - 21=55.1890; 3.F. 1=56.1891 - 84=139.1933; 140.1934 -"],"titleAlt":[{"title":"Journal of economics and statistics"},{"title":"Hildebrand'sche Jahrbücher"},{"title":"Conrads Jahrbücher"}],"disp":"Die statistische Adäquation = The statistical adequationJahrbücher für Nationalökonomie und Statistik","origin":[{"dateIssuedDisp":"1863-","publisherPlace":"Berlin ; Jena ; Jena ; Leipzig ; Stuttgart ; Stuttgart ; Jena [u.a.] ; Stuttgart","publisher":"De Gruyter Oldenbourg ; Mauke ; Dufft ; Fischer ; Fischer ; Lucius und Lucius","dateIssuedKey":"1863"}],"titleTranslated":[{"translated":"Journal of economics and statistics"}],"part":{"issue":"4","text":"197(1982), 4, Seite 289-307","year":"1982","extent":"19","volume":"197","pages":"289-307"},"language":["ger"]}],"language":["ger"]} 
SRT |a MENGESGUENSTATISTISC1982